000 00696nam a2200229 i 4500
001 bg
100 1 _aMarciniak, Stanisław
_c(nauki o zarządzaniu).
245 1 0 _aControlling :
_bfilozofia, projektowanie /
_cStanisław Marciniak.
250 _aWyd. 2 rozsz.
260 _aWarszawa :
_b"Difin",
_c2004.
300 _a230 s. :
_brys., tab., wykr. ;
_c23 cm.
504 _aBibliogr. s. 225-230.
650 9 _aControlling
020 _a8372514038
040 _cBPK
041 0 _apol
080 _a658.1/.5.012.4:657
920 _a83-7251-403-8
942 _cKS
008 s pl f |000 0 pol
999 _c44672
_d44672
856 _uhttp://koha.tu.koszalin.pl/cgi-bin/koha/opac-detail.pl?biblionumber=44672
_yKatalog online BPK